000 00656nam a2200181Ia 4500
008 100921s9999 xx 000 0 und d
082 _b4167
_a891.464 थ 72
100 _aकुलकर्णी भीमराव.संपा.
245 _aअक्षर चिंतामणी.
260 _bमहाराष्ट्र साहित्य परिषद,पुणे.
_c1972
300 _a136
_b---
365 _b4
520 _aललित-निबंध.
630 _aअक्षर चिंतामणी.
650 _aललित-निबंध.
730 _aअक्षर चिंतामणी.
942 _cBOOK
999 _c753280
_d753277